[Event "FIDE World Cup"]
[Site "Khanty-Mansiysk"]
[Date "2005.11.28"]
[Round "1.2"]
[White "Sutovsky, Emil"]
[Black "Hamdouchi, Hicham"]
[Result "0-1"]
[WhiteElo "2654"]
[BlackElo "2574"]
[Annotator "Kritz,L"]
[PlyCount "128"]
[EventDate "2005.11.27"]
[EventType "k.o."]
[EventRounds "7"]
[EventCountry "RUS"]
[SourceTitle "CBM 111"]
[Source "ChessBase"]
[SourceDate "2006.04.04"]
[SourceVersion "1"]
[SourceVersionDate "2006.04.04"]
[SourceQuality "1"]

1. e4 c5 2. Nf3 e6 3. Nc3 a6 4. g3 (4. d4 cxd4 5. Nxd4 {führt zum gewöhnlichen
Spiel}) 4... d5 {Ein relativ seltener, jedoch giftiger Zug. Üblich ist} (4...
b5 5. Bg2 Bb7 6. d3 (6. d4 cxd4 7. Nxd4 Nc6 $11) 6... d6 7. O-O Be7 (7... Nf6
8. Ng5 h6 9. Nh3 Be7 10. f4 $14) 8. Ne1 Nf6 9. f4 Nc6 $132) (4... Nc6 5. Bg2 d6
6. O-O Be7 7. d4 cxd4 8. Nxd4 Nf6 $132) 5. exd5 {Dieser Zug scheint mir
unlogisch. Warum sollte man dem Läufer c8 alle Freiheiten geben?} (5. Bg2 $5
Nf6 6. Qe2 (6. e5 $2 Nfd7 7. d4 Nc6 $15 {hier steht der Läufer auf g2 einfach
schlecht}) (6. exd5 exd5 7. d4 Be6 8. Bg5 {führt über zur Partie}) 6... Be7 (
6... d4 7. Nb1 Nc6 8. d3 $14) (6... Nxe4 7. Nxe4 dxe4 8. Qxe4 Be7 9. d3 O-O 10.
h4 $14) 7. O-O Nc6 8. d3 O-O 9. a4 b6 10. Bf4 h6 11. Rad1 Bb7 12. e5 Nd7 13. h4
$14 {N.Kosintseva - Muzychuk (2004)}) 5... exd5 6. d4 (6. Bg2 $6 d4 7. Qe2+ (7.
Ne2 Nf6 8. O-O Bd6 9. d3 h6 $15) (7. Ne4 f5 $1 8. Neg5 Qe7+ 9. Qe2 Nc6 $15)
7... Ne7 (7... Be7 8. Ne4 Be6 9. d3 Nf6 10. Nfg5 $16) 8. Ne4 d3 9. cxd3 (9.
Qxd3 Qxd3 10. cxd3 Nec6 $44) 9... Nbc6 10. Nxc5 b6 11. Ne5 Nd4 12. Qd1 Ra7 $44)
6... Nf6 7. Bg5 Be6 8. Bg2 Nbd7 9. Ne5 $6 {Die Variante, die mit diesem Zug
eingeleitet wird ist lang und forciert. Am Ende kommt trotzdem nichts Gutes
raus.} (9. O-O $5 h6 10. Bxf6 Nxf6 11. Re1 Be7 12. dxc5 O-O 13. b4 a5 14. a3
axb4 15. axb4 Rxa1 16. Qxa1 b6 $44) 9... cxd4 10. Nxd7 (10. Qxd4 Bc5 11. Qa4
O-O 12. Nxd7 Bxd7 13. Qf4 Qe8+ 14. Kf1 Ng4 15. Nxd5 f6 16. Nc7 Bb5+ 17. Nxb5
Qxb5+ 18. c4 Qxb2 19. Bd5+ Kh8 20. Kg2 Qxf2+ 21. Qxf2 Nxf2 $19) 10... dxc3 (
10... Qxd7 11. Qxd4 Be7 12. O-O-O $1 $14) 11. Nxf8 (11. Nxf6+ gxf6 12. Qd4 cxb2
13. Qxb2 Qa5+ 14. Bd2 Qb5 15. Qxb5+ axb5 16. Bc3 Be7 $15) (11. Bxf6 gxf6 12.
Nxf8 cxb2 13. Rb1 Qa5+ 14. Qd2 Qxd2+ 15. Kxd2 Rxf8 16. Rxb2 b5 $15) 11... cxb2
12. Rb1 Kxf8 13. Rxb2 (13. O-O $5 {wäre auch spielbar} h6 14. Bf4 b5 15. Rxb2
Ne4 16. Qd4 $44 {Immerhin hat Weiß das Läuferpaar und ziemlich starke
Initiative für den Bauern.}) 13... h6 14. Bxf6 $2 {Diese Entscheidung kann man
anzweifeln. Ohne schwarzfeldrigen Läufer hat Weiß kein gutes Spiel.} (14. Bf4
Qa5+ 15. Bd2 Qc7 16. O-O Kg8 17. Bf4 $44) 14... Qxf6 15. Rxb7 Qe5+ 16. Qe2 Qa1+
17. Qd1 Qe5+ 18. Qe2 Qa1+ 19. Qd1 Qxa2 $15 {Schwarz hat einen Bauer mehr und
Weiß Kopfschmerzen um das Gegenspiel.} 20. O-O Qc4 21. Re1 Kg8 22. Qa1 Re8 23.
Qb2 Kh7 24. Bf1 Bh3 25. Rd1 Bxf1 26. Rxf7 d4 27. Rxg7+ Kxg7 28. Rxd4 Kg6 29.
Rxc4 Bxc4 30. Qb4 Be6 31. Qb6 Kf7 32. Qc7+ Kf6 33. h4 Kg6 34. Qb6 Rhf8 35. Qxa6
Rf6 36. Qa5 Bg4 37. Qd2 h5 38. Qg5+ Kf7 39. Qd5+ Kg7 40. Qg5+ Rg6 41. Qd2 Rge6
42. Qg5+ Kh7 43. Qf4 R8e7 44. Kg2 Kg7 45. Qg5+ Kf8 46. Qc5 Rf6 47. Qd4 Kg7 48.
Qd2 Re2 49. Qg5+ Kf7 50. Qd5+ Kf8 51. Qc5+ Re7 52. Qd4 Kf7 53. Qd5+ Ree6 54.
Qd7+ Kf8 55. Qd8+ Kg7 56. Qd2 Re5 57. c4 Kf7 58. Kh2 Ke8 59. Kg1 Re2 60. Qa5
Rexf2 61. Qe5+ Kf7 62. Qd5+ Kg7 63. Qe5 R2f5 64. Qd4 Kg8 0-1

[Event "Corus-B"]
[Site "Wijk aan Zee"]
[Date "2006.01.24"]
[Round "9"]
[White "Motylev, Alexander"]
[Black "Vescovi, Giovanni P"]
[Result "1-0"]
[WhiteElo "2638"]
[BlackElo "2633"]
[Annotator "Kritz,L"]
[PlyCount "137"]
[EventDate "2006.01.14"]
[EventType "tourn"]
[EventRounds "13"]
[EventCountry "NED"]
[EventCategory "15"]
[SourceTitle "CBM 111"]
[Source "ChessBase"]
[SourceDate "2006.04.04"]
[SourceVersion "1"]
[SourceVersionDate "2006.04.04"]
[SourceQuality "1"]

1. e4 c5 2. Nf3 e6 3. d4 cxd4 4. Nxd4 Qb6 5. Nc3 (5. Nb3 Nf6 6. Bd3 (6. Nc3 Bb4
7. Bd3 d5 $132) 6... Nc6 7. Be3 Qc7 8. Nc3 a6 $132 {Im Endeffekt entsteht eine
typische Stellung für Scheweningen oder Paulsen, nur mit dem Unterschied, dass
der Springer auf b3 etwas passiver steht, als auf d4.}) 5... Bc5 (5... Nc6 $2
6. Ndb5 Bc5 7. Qd2 $1 $16 {Gegen die Drohungen Na4 und Nd6 kann sich Schwarz
nicht gleichzeitig verteidigen.}) 6. Na4 (6. Be3 $5 Nc6 $8 (6... Qxb2 7. Ndb5
Bxe3 8. Rb1 $1 $18) (6... Nf6 7. Qd2 Qxb2 (7... Nc6 8. Na4 $16) 8. Rb1 Qa3 9.
Ndb5 Bxe3 10. Qxe3 Qa5 11. Nd6+ Ke7 12. Rb5 Qc7 13. e5 $18) 7. Na4 Qa5+ 8. c3
Bxd4 (8... Nxd4 9. Nxc5 Qxc5 10. Bxd4 $16) 9. Bxd4 Nxd4 10. Qxd4 e5 (10... Nf6
11. e5 Nd5 12. Nc5 $16) 11. Qb4 $1 Qxb4 12. cxb4 Nf6 13. Nc3 b6 14. O-O-O Bb7
$13) 6... Qa5+ 7. c3 Bxd4 (7... Be7 8. Nb5 d6 (8... a6 9. b4 Qd8 10. Nd6+ $16)
9. Bf4 e5 10. Bg5 $1 Nf6 (10... Bxg5 11. Nxd6+ Kf8 12. Nxc8 Nc6 13. h4 $1 $16)
11. Nxd6+ Bxd6 12. Qxd6 Nbd7 (12... Qxa4 13. Qxe5+ Be6 14. Bb5+ $18) 13. Bxf6
gxf6 14. b3 b5 15. Qd5 Rb8 16. Be2 O-O 17. O-O $16) 8. Qxd4 Nf6 9. Nc5 (9. e5
$2 Nc6 10. Qc5 Qxc5 11. Nxc5 Nxe5 $17) 9... Nc6 10. Qe3 {Weiß muss versuchen,
die Stellung zu stabilisieren, denn auf lange Sicht hat er ja 2-Läufervorteil.
Die andere Möglichkeit ist wenig versprechend:} (10. Qd6 $6 b6 11. Nb3 (11. b4
Nxb4 12. cxb4 Qxb4+ $17) 11... Nxe4 12. Qxc6 (12. Nxa5 Nxd6 13. Nxc6 dxc6 $17)
12... dxc6 13. Nxa5 bxa5 14. Bf4 Bb7 $132 {es ist völlig unklar, warum Weiß
den Bauer opfern muss, wenn er ohne zu opfern besser steht}) 10... O-O $6 {
Schwarz muss versuchen, auf die schnellste Art Initiative zu ergreifen, denn
sonst steht er ohne schwarzfeldrigen Läufer strategisch sehr schlecht.} (10...
b6 $5 11. Nb3 Qa4 12. Nd2 (12. Bd3 Ba6 13. Bc2 (13. Bxa6 Qxa6 $132) 13... e5 $1
$15 {/\d5}) 12... Ba6 13. b3 Qa5 14. Bxa6 Qxa6 15. c4 O-O 16. Bb2 Ne8 17. O-O
$14) 11. Nb3 Qa4 12. Nc5 Qa5 13. Nb3 Qa4 14. f3 b6 (14... d5 15. e5 Nd7 16. f4
f6 17. exf6 Rxf6 18. Bd3 e5 19. O-O e4 20. Be2 $14 {Weiß kontroliert auf Dauer
alle schwarzen Felder und hat damit strategischen Vorteil.}) 15. Nd4 Ba6 (15...
Nxd4 16. Qxd4 $1 (16. cxd4 d6 17. b3 Qa5+ 18. Bd2 Qa3 $13) 16... Qxd4 17. cxd4
Bb7 18. Bd3 $16) 16. Nxc6 $1 dxc6 17. Qd4 $1 Qxd4 (17... Qa5 18. Qb4 Qxb4 19.
cxb4 Bxf1 20. Rxf1 $14) 18. cxd4 Bxf1 19. Rxf1 $14 {Weiß hat mehr Raum,
Vorteil im Zentrum und Läufer gegen Springer in einer offenen Stellung. Dazu
kommt noch die Schwäche c6. Daher +/=.} Nd7 20. Be3 f5 21. e5 Rac8 22. O-O-O
Nb8 23. Rd3 Kf7 24. Kb1 Ke8 25. Rc1 Kd7 26. Ra3 a5 27. Rb3 b5 28. a4 bxa4 29.
Ra3 Na6 30. Rxa4 Nb4 31. Rc5 Nd5 32. Bd2 Nb6 33. Raxa5 Ra8 34. b4 Nd5 35. Kc2
Rfc8 36. Kb3 Rcb8 37. Rxa8 Rxa8 38. Ra5 Rb8 39. Ra7+ Nc7 40. Kc4 Ra8 41. Ra5
Rb8 42. h3 Rf8 43. Kc5 Rb8 44. Ra1 Rb5+ 45. Kc4 Rb8 46. g4 Rf8 47. Kc5 fxg4 48.
hxg4 g6 49. Rh1 Rf7 50. f4 Na6+ 51. Kb6 Nc7 52. Rh6 Nd5+ 53. Kc5 Ne7 54. Rh1 h5
55. gxh5 gxh5 56. Rxh5 Rg7 57. Rh2 Kc7 58. b5 cxb5 59. Kxb5 Kd7 60. Kc5 Rf7 61.
Rh8 Rg7 62. Ba5 Rg8 63. Rh7 Rc8+ 64. Kb5 Ke8 65. Bb6 Ng6 66. f5 exf5 67. Bc5
Nf4 68. e6 Kd8 69. Bb6+ 1-0

[Event "BL2-Nord 0203"]
[Site "Germany"]
[Date "2003.02.09"]
[Round "6.3"]
[White "Forchert, Martin"]
[Black "Fries Nielsen, Jens Ove"]
[Result "1-0"]
[WhiteElo "2380"]
[BlackElo "2458"]
[Annotator "Meyer,CD"]
[PlyCount "49"]
[EventDate "2002.10.20"]
[EventType "team-tourn"]
[EventRounds "9"]
[EventCountry "GER"]
[SourceTitle "CBM 093"]
[Source "ChessBase"]
[SourceDate "2003.04.01"]
[SourceVersion "1"]
[SourceVersionDate "2003.04.01"]
[SourceQuality "1"]
[WhiteTeam "Werder Bremen II"]
[BlackTeam "Preetz"]
[WhiteTeamCountry "GER"]
[BlackTeamCountry "GER"]

1. e4 c5 2. Nf3 e6 3. d4 cxd4 4. Nxd4 Nf6 5. Nc3 Bb4 {Der "Sizilianische
Angriff" genießt keinen guten Ruf und ist in der Meisterpraxis ein relativ
seltener Gast. Grund dafür ist (nach 6.e5 Nd5) weniger die Fortsetzung 7.Qg4,
sondern vielmehr 7.Bd2!.} 6. e5 Nd5 (6... Ne4 $6 7. Qg4 Nxc3 (7... Qa5 8. Qxg7
Bxc3+ 9. bxc3 Qxc3+ 10. Ke2 b6 11. Qxh8+ Ke7 12. Ba3+ $1 Qxa3 13. Qxc8 $18) 8.
Qxg7 Rf8 9. a3 Nb5+ (9... Ba5 10. Bh6 Qe7 11. Nb3 $18) (9... Qa5 10. Nb3 $16)
10. axb4 Nxd4 11. Bg5 Qb6 12. Bh6 Qxb4+ 13. c3 Nf5 14. cxb4 Nxg7 15. Bxg7 Rg8
16. Bf6 $16 {(Nunn's Chess Openings) ist die ebenso oft zitierte wie
wissenswerte Partie Szabo - Mikenas, Kemeri 1939.}) 7. Bd2 $1 ({Das
vergleichsweise zweischneidige} 7. Qg4 {gibt Schwarz nach} O-O 8. Bh6 g6 9.
Bxf8 Qxf8 {in etwa ausreichend Kompensation für die geopferte Qualität (Spiel
gegen die Schwachpunkte c3/e5), wie viele praktische Beispiele gezeigt haben.})
7... Bxc3 ({Von den Sympathisanten der "Fesselungs-Variante" viel häufiger
erprobt wurde das zwar giftigere, aber objektiv kaum bessere} 7... Nxc3 8. bxc3
Be7 {mit Erhalt des schwarzfeldrigen Läufers, z.B.} (8... Ba5 9. Qg4 O-O 10.
Bd3 d6 11. Nf3 g6 12. h4 $1 dxe5 13. h5 f5 14. Bxf5 $1 $16 {, NCO}) 9. Qg4 {
[#] Analyse} O-O (9... g6 10. h4 (10. Bd3 Nc6 11. Nxc6 bxc6 12. h4 $16 {CBM})
10... Nc6 (10... h5 11. Qg3 Nc6 12. Nb5 $16 {Nunn/Gallagher in Beating the
Sicilian 3}) 11. Nxc6 dxc6 12. h5 Qd5 13. Qg3 Bd7 14. hxg6 fxg6 15. Bd3 O-O-O
16. Rb1 Rdf8 17. c4 Qd4 18. Ke2 h5 19. Be3 Qc3 20. Rb3 Qa5 21. Rhb1 b6 22. Bxb6
$5 axb6 23. Rxb6 Kd8 24. Rb8+ Bc8 25. R1b7 Qc5 26. Bxg6 Qxc4+ 27. Bd3 Qd4 28.
Ba6 Rhg8 29. Rxc8+ (29. Ra7 $2 Rxf2+ 30. Qxf2 Qxe5+ 31. Kf1 $2 (31. Qe3) 31...
Qxb8 32. Qf7 {und gleichzeitig 0:1, J.Gallagher - M.Senff, Metz 2001}) 29...
Kxc8 30. Rb4+ Kc7 31. Rxd4 Rxg3 32. fxg3 $16) (9... g5 10. h4 h5 11. hxg5 $5
hxg4 12. Rxh8+ Bf8 13. g6 fxg6 14. Bh6 Kf7 15. Rxf8+ Qxf8 16. Bxf8 Kxf8 17. Be2
$16 {Nunn/Gallagher in BTS3}) (9... Kf8 10. Bd3 d6 11. f4 Nd7 12. O-O $16 {
etc. +/-, Nunn/Gallagher in BTS3}) 10. Bh6 g6 11. h4 $1 $16 {, Nunn/Gallagher
in BTS3/NCO}) 8. bxc3 O-O (8... Qc7 9. f4 a6 10. c4 Ne7 11. Bd3 $16 {und}) (
8... Qh4 9. Bd3 $14 {, NCO}) 9. Bd3 d6 10. Qh5 $6 ({Solide und gut ist} 10.
exd6 {, z.B.} Qxd6 11. O-O e5 12. Nb5 Qe7 13. Re1 $14 {, NCO}) 10... g6 11. Qh6
$2 ({Weiß bleibt auf seinem optimistischen Angriffskurs, indes war der Rückzug
} 11. Qe2 {angesagt:} dxe5 12. Qxe5 Nd7 $11 {/unklar}) 11... dxe5 12. Nf3 {
[#] Aufgrund der lauernden Gefahren ergeben sich diverse reizvolle
Stolpermöglichkeiten, z.B.:} Qe7 $2 (12... Nd7 $2 13. h4 $1 e4 (13... N5f6 14.
Ng5 e4 {ist Zugumstellung zu D} (14... Nc5 15. h5 Nxd3+ 16. cxd3 Qe7 (16... Qc7
17. Rh3 e4 18. dxe4 Rd8 19. Rf3 Qe5 20. hxg6 fxg6 21. Bf4 Qc5 22. Nxh7 Nxh7 23.
Qxg6+ Kh8 24. Rg3 $18) (16... Qxd3 17. Rh3 {Plan Rf3-xf6+-}) 17. Rh3 e4 18.
dxe4 e5 19. Rf3 Rd8 20. Rxf6 Qxf6 21. Qxh7+ Kf8 22. Bc1 $1 (22. Nf3 Rxd2) 22...
Ke8 23. Nf3 Kd7 24. hxg6 Rh8 25. Qxf7+ Qxf7 26. gxf7 $18 {, z.B.} Ke6 27. Ng5+
Kf6 28. f8=Q+ Rxf8 29. Nh7+ Kg7 30. Nxf8 Kxf8 31. Rb1 $1 {Plan Rb5})) (13...
Ne7 14. Ng5 Nf6 15. h5 Nf5 16. Bxf5 gxf5 17. Rh3 $1 f4 18. Rh4 $18) (13... Qf6
14. h5 Qg7 15. Qxg7+ Kxg7 16. hxg6 hxg6 17. Bh6+ Kg8 18. Bxf8 Kxf8 19. Bb5 $16)
14. Ng5 N5f6 15. Bxe4 (15. h5 $6 exd3 16. hxg6 fxg6 17. Nxh7 Kf7 $1 18. cxd3
Rg8 19. Qe3 e5 20. Ng5+ Ke7 $17) 15... Ne5 16. f3 Nc4 17. Rd1 {Plan h5+-}) (
12... Qf6 $6 13. h4 Qg7 $5 (13... Re8 $2 14. h5 Qg7 15. Qxg7+ Kxg7 16. hxg6
hxg6 17. Bh6+ Kg8 18. Nxe5 Nc6 (18... Nd7 19. Bb5 Rd8 20. Bxd7 Bxd7 21. c4 Nf6
22. Bg5 Kg7 23. Rh3 Bc6 24. Nxc6 bxc6 25. Rf3 $18) (18... b6 19. Bb5 Rd8 20. c4
f6 (20... Nb4 21. Bg5 $1 $18) 21. Nc6 Nxc6 22. Bxc6 Nb4 23. Bxa8 Nxc2+ 24. Ke2
Ba6 25. Be4 Bxc4+ 26. Kf3 Nxa1 27. Rxa1 $16 {/+-}) 19. f4 Nxc3 (19... Rd8 20.
c4 Nf6 21. Bg5 Kg7 22. O-O-O $16) 20. Bg5 Kg7 21. Kd2 Nd5 22. Rh6 $18 {, und
wieder schlägt der Angriff durch.}) (13... e4 $5 14. Bxe4 Nxc3 15. Ng5 Qh8 16.
Bd3 $14) (13... Nf4 $2 14. h5 Rd8 15. hxg6 hxg6 16. g3 $18) 14. Qxg7+ Kxg7 15.
h5 $14) ({Allein} 12... Qc7 $3 {widerlegt die weißen Träume:} 13. O-O (13. h4
f6 $17) (13. c4 Nf4 14. O-O f6) 13... f6 14. c4 Ne7 {(Plan Nf5)} 15. Nh4 Na6
$17) 13. Nxe5 Nd7 14. Nxd7 Bxd7 15. h4 f6 ({Schwer zu sagen, ob} 15... e5 {
vorzuziehen ist, jedenfalls steht Weiß nach} 16. h5 {auch angenehmer, z.B.} Bf5
(16... e4 17. Bc4 e3 (17... Be6 $2 {/Bc6?} 18. Bxd5 Bxd5 19. Be3 {Plan Bd4+/-})
18. fxe3 Be6 (18... Bc6 $2 19. hxg6 fxg6 20. O-O-O $16) 19. Bd3 $14) (16... Nf4
$2 {wurde von den Akteuren in der post-mortem-Analyse für gut befunden, was
aber nach} 17. Bxf4 exf4+ 18. Kf1 {unhaltbar ist:} Be6 (18... Rac8 $2 19. Re1
Be6 (19... Qf6 20. hxg6 Qg7 21. Re7 $18) 20. hxg6 fxg6 21. Rxe6 $18) 19. Kg1 $1
$16 {drohend Re1, hxg6 etc.} (19. hxg6 fxg6 20. Bxg6 (20. Re1 Rf7 21. Bxg6 Bc4+
22. Bd3 Qc7 $14) 20... Bf5 21. Re1 $14)) 17. O-O e4 18. Rae1 Rfe8 19. hxg6 (19.
g4 $2 Qh4 $1) 19... Bxg6 (19... fxg6 20. Bc4 Qc5 21. Bb3) 20. c4 Nb4 21. Bc3 f5
22. c5 Nxd3 23. cxd3 $14) 16. c4 {[#]} Nb6 $5 ({Die Alternative} 16... Nb4 $5 {
zeigt nach Abholzung starke Tendenz zur Verflachung des Spiels:} 17. Bxg6 Bc6 (
17... hxg6 18. Qxg6+ Kh8 19. Qh6+ Kg8 20. Rh3 Nxc2+ 21. Kd1 Rf7 22. Rg3+ (22.
Kxc2 Rh7 23. Rg3+ Kh8 24. Qg6 e5 $13 {und auch der weiße König steht windig})
22... Rg7 23. Qxg7+ Qxg7 24. Rxg7+ Kxg7 25. Kxc2 Rc8 26. Kb3 e5 27. Rc1 Kg6 $14
) 18. Rh3 hxg6 19. Qxg6+ Kh8 20. Qh6+ Qh7 21. Qxh7+ Kxh7 22. Bxb4 Bxg2 $14 {
ebenfalls mit guten Remisaussichten (ungleichfarbige Läufer):}) 17. Rb1 Rfc8
18. h5 g5 19. f4 $1 $14 {Mit der gebotenen Öffnung für das Läuferpaar haucht
Weiß seiner Initiative neues Leben ein.} gxf4 20. Qxf4 e5 21. Qh4 {[#] Da der
Bauer f6 zur Schwäche neigt, muß Schwarz sehr umsichtig reagieren.} Bc6 $6 ({
Der mutige Gegenstoß} 21... e4 $5 {(Schwächung des Punktes f6; 21.Rc6?! 22.0-0)
mit verwickeltem Spiel ist nicht so einfach von der Hand zu weisen:} 22. Be2
Nxc4 23. Bc3 (23. Bb4 Qe5 24. Rb3 Nb6 $1) 23... Ne5 24. Bd4 Rxc2 25. Qxe4 Rac8
26. O-O $44) 22. O-O Qg7 $4 $138 ({Bei knapper Bedenkzeit greift der dänisch
IM schwer daneben und schenkt dem Gegner (mit h5-h6) ein wichtiges
Angriffstempo. Allein zu versuchen war} 22... Nd7 $16 {- allerdings mit weißem
Druck.}) 23. Rf2 $18 {[#]} e4 {(?) Definitiv zu spät, aber eine ausreichende
Verteidigung ist jetzt auch nicht mehr zu sehen, z.B.:} (23... Kh8 24. h6 Qe7
25. Bb4 $1 Qd8 26. Bf5 $1 $18 Rc7 27. Be6 {, und mit f6 fällt die letzte
Bastion.}) (23... Nd7 24. h6 Qf7 (24... Qe7 25. Bb4 Qf7 26. Bf5) 25. Bf5 Rf8
26. Bb4 $18) 24. h6 $18 {Nun ist das exponierte Königspaar völlig verloren.}
Qe7 (24... Qc7 25. Qxf6) 25. Rxf6 ({Nach} 25. Rxf6 {könnte beispielsweise noch
folgen:} Rc7 (25... exd3 26. Rg6+ Kf8 27. Bb4) 26. Qg4+ Kh8 27. Bc3 {nebst
Mattsetzung - Triumph des Läuferpaares}) 1-0